Statystyki dla Puchar Świata - klasyfikacja generalna za sezon 1998/99

Kliknij tutaj aby rozwiązać quiz!

Ogólne statystyki

  • Ten quiz został rozwiązany 13 razy
  • Średni wynik to 34 z 108

Statystyki odpowiedzi

MiejsceSkoczekNarodowośćPkt% Poprawnych
2.Janne AhonenFinlandia1695
100%
3.Noriaki KasaiJaponia1598
100%
4.Kazuyoshi FunakiJaponia1589
92%
1.Martin SchmittNiemcy1733
92%
17.Andreas GoldbergerAustria400
85%
9.Masahiko HaradaJaponia720
85%
6.Sven HannawaldNiemcy892
85%
46.Adam MałyszPolska58
77%
7.Andreas WidhoelzlAustria833
77%
47.Jakub JandaCzechy48
77%
18.Martin HoellwarthAustria385
77%
27.Primoz PeterkaSłowenia192
77%
39.Robert MatejaPolska100
77%
8.Stefan HorngacherAustria813
77%
5.Hideharu MiyahiraJaponia935
69%
37.Alexander HerrNiemcy141
62%
69.Andreas KuttelSzwajcaria18
62%
Espen BredesenNorwegia1
62%
14.Nicolas DessumFrancja454
62%
29.Roar LjoekelsoeyNorwegia173
62%
30.Roberto CeconWłochy169
62%
38.Takanobu OkabeJaponia102
62%
11.Tommy IngebrigtsenNorwegia512
62%
10.Dieter ThomaNiemcy555
54%
33.Henning StensrudNorwegia160
54%
Martin KochAustria2
54%
15.Reinhard SchwarzenbergerAustria444
54%
21.Christof DuffnerNiemcy359
46%
Jussi HautamaekiFinlandia3
46%
13.Kazuya YoshiokaJaponia497
46%
Matti HautamaekiFinlandia1
46%
49.Michal DolezalCzechy46
46%
Seou ChoiKorea Południowa1
46%
Wojciech SkupieńPolska10
46%
12.Wolfgang LoitzlAustria505
46%
23.Hiroya SaitohJaponia261
38%
35.Jani SoininenFinlandia151
38%
Kazuhiro HigashiJaponia9
38%
20.Lasse OttesenNorwegia363
38%
Łukasz KruczekPolska6
38%
25.Peter ZontaSłowenia212
38%
28.Ville KanteeFinlandia183
38%
68.Alan AlbornStany Zjednoczone21
31%
56.Damjan FrasSłowenia34
31%
24.Hansjoerg JaekleGermaby223
31%
Jakub JiroutekCzechy29
31%
Jaroslav SakalaCzechy11
31%
53.Marco SteinauerSzwajcaria39
31%
43.Risto JussilainenFinlandia72
31%
Tami KiuruFinlandia48
31%
36.Bruno ReutelerSzwajcaria144
23%
Jinya NishikataJaponia5
23%
40.Kazuhiro NakamuraJaponia96
23%
22.Kristian BrendenNorwegia344
23%
61.Masayuki SatoJaponia27
23%
Mika LaitinenFinlandia160
23%
44.Valery KobelevRosja71
23%
63.Yuta WataseJaponia25
23%
Bine NorcicSłowenia5
15%
87.Frank LofflerNiemcy7
15%
41.Greg SiegmundNiemcy89
15%
57.Ivan LunardiWłochy30
15%
73.Jakub HlavaCzechy13
15%
Jakub SuchacekCzechy385
15%
Jerome GayFrancja1
15%
45.Kristoffer JaafsSzwecja61
15%
50.Lucas Chevalier-GirodFrancja45
15%
Matthias WallnerAustria4
15%
16.Morten AagheimNorwegia428
15%
32.Olav Magne DonnemNorwegia167
15%
54.Pekka SalminenFinlandia37
15%
26.Ronny HornschuhNiemcy197
15%
Stanislav FilimonovKazachstan1
15%
42.Sylvain FrelholzSzwajcaria78
15%
62.Urban FrancSłowenia26
15%
89.Fabian EbenhochAustria6
8%
91.Jani MyllariFinlandia5
8%
Jon Petter SandakerNorwegia11
8%
Jure RadeljSłowenia7
8%
70.Kazuki NishishitaJaponia15
8%
64.Kjeli Erik SagbakkenNorwegia23
8%
Lauri HakolaFinlandia1
8%
75.Leif FreyNiemcy11
8%
80.Matej UramSłowacja9
8%
66.Oddgeir HeimdalNorwegia22
8%
Primoz Zupan-UrhSłowenia8
8%
74.Rico ParpanSzwajcaria12
8%
Robert KrenekCzechy1
8%
60.Wilfried EberharterAustria28
8%
55.Yoshikazu NorotaJaponia36
8%
58.Yukitaka FukitaJaponia29
8%
101.Akseli LajunenFinlandia1
0%
Artour KhamidoullineRosja23
0%
Blaz VrhovnikSłowenia9
0%
31.Christian MeyerNorwegia168
0%
95.Falko KrismayrAustria4
0%
Frode HaareNorwegia9
0%
Hitoshi SakuraiJaponia14
0%
78.Janne VaatainenFinlandia10
0%
99.Karl-Heinz DornerAustria2
0%
Katsutoshi ChibaJaponia43
0%
Marius SmarlsetNorwegia5
0%
Miha RihtarSłowenia22
0%
97.Milan ZivicSłowenia2
0%
84.Pavel GaidukKazachstan8
0%
51.Roland AudenriethNiemcy43
0%
Tom Age AarnesNorwegia8
0%
71.Tomas PlnyCzechy14
0%

Rozkład punktacji

Percentyl według liczby udzielonych odpowiedzi

Procent ludzi z każdym wynikiem

Twoja historia wyników

Nie rozwiązałeś tego quizu